| 000 | 00678nam a2200229 a 4500 | ||
|---|---|---|---|
| 999 |
_c4043 _d4043 |
||
| 001 | 4043 | ||
| 003 | BD-JhCC | ||
| 005 | 20171122170647.0 | ||
| 008 | 171122s2001 bg ||||| |||| 00| 0 ben d | ||
| 020 | _a9844330580 | ||
| 035 | _a(BD-JhCC)4043 | ||
| 040 |
_aBD-JhCC _dBD-JhCC |
||
| 041 | _aben | ||
| 082 |
_a330.95 _bMOH 2001 |
||
| 100 | _aমোহাম্মদ, মাহাথির | ||
| 245 |
_aএশিয়া : _bপ্রত্যাশা ও সম্ভবনা / _c মাহাথির মোহাম্মদ |
||
| 300 |
_a111 p. : _c21 cm. |
||
| 650 |
_aEconomic History _zAsia |
||
| 650 | _aDiplomatic relations | ||
| 942 |
_2ddc _cBK |
||